Loading...
| RR | 1 | 7 | 0 | 1 | 85 | 53 | 97.63 | 4 | 7 | 0.00 | 0.00 |
| BB | 1 | 5 | 1 | 0 | 60 | 65 | 92.33 | 1 | 6 | 0.00 | 0.00 |
| AR | 1 | 4 | 0 | 1 | 55 | 37 | 96.00 | 2 | 4 | 0.00 | 0.00 |
| AG | 1 | 4 | 3 | 1 | 40 | 42 | 103.00 | 2 | 3 | 0.00 | 0.00 |
| RC | 0 | 5 | 3 | 1 | 35 | 83 | 110.60 | 0 | 4 | 0.00 | 0.00 |
| TR | 1 | 2 | 1 | 0 | 30 | 55 | 101.00 | 0 | 3 | 0.00 | 0.00 |
| DM | 0 | 3 | 0 | 1 | 30 | 79 | 112.00 | 1 | 1 | 0.00 | 0.00 |
| MB | 0 | 3 | 1 | 0 | 25 | 88 | 112.33 | 0 | 2 | 0.00 | 0.00 |
| MV | 1 | 0 | 0 | 0 | 15 | 86 | 86.00 | 0 | 1 | 0.00 | 0.00 |
| AWD | 1 | 0 | 0 | 0 | 15 | 43 | 43.00 | 1 | 1 | 0.00 | 0.00 |
| AW> | 0 | 1 | 0 | 0 | 10 | 85 | 85.00 | 1 | 1 | 0.00 | 0.00 |
| AW | 0 | 1 | 1 | 1 | 5 | 135 | 135.00 | 0 | 0 | 0.00 | 0.00 |
| AR | spiders | 15 | 37 |
| AG | Octavio Paz | 15 | 42 |
| AWD | men | 15 | 43 |
| RR | Tamil Nadu | 15 | 53 |
| TR | 1810s | 15 | 55 |
| AG | “Portrait of a Lady” | -5 | 58 |
| RR | databases | 10 | 62 |
| BB | reductases | 15 | 65 |
| RC | Giambologna | -5 | 69 |
| AG | burning of the Temple of Artemis at Ephesus | -5 | 75 |